|
|
|
|
| LEADER |
02463nam a2200457 a 4500 |
| 001 |
43967 |
| 003 |
BD-DhAAL |
| 005 |
20250120113503.0 |
| 008 |
250120p20232011ilua j d 000 0 eng d |
| 010 |
|
|
|a 2010939980
|
| 020 |
|
|
|a 9780764146602 (pbk.)
|
| 040 |
|
|
|a DLC
|c DLC
|d DLC
|d BD-DhAAL
|
| 041 |
0 |
|
|a eng
|a fre
|
| 042 |
|
|
|a pcc
|
| 050 |
0 |
0 |
|a PC2629
|b .B78 2011
|
| 082 |
0 |
0 |
|a 443.21
|2 23
|
| 100 |
1 |
|
|a Bruzzone, Catherine.
|9 57515
|
| 245 |
1 |
0 |
|a French-English picture dictionary /
|c Catherine Bruzzone and Louise Millar ; illustrations by Louise Comfort and Steph Dix ; French advisor: Marie-Thérèse Bougard.
|
| 246 |
3 |
0 |
|a Picture dictionary
|
| 250 |
|
|
|a First edition.
|
| 260 |
|
|
|a Naperville, Illinois :
|b Sourcebooks,
|c c2011
|g (2023 printing)
|
| 300 |
|
|
|a 48 pages :
|b color illustrations ;
|c 22 cm
|
| 526 |
|
|
|a BIL
|x Dr. Tanjena Sultana Khan,
Lecturer,
BRAC Institute of Languages (BIL)
Course Name : Basic French (FRN 101)
|
| 541 |
|
|
|a R K Corporation
|e 43967, 43968, 43969
|
| 546 |
|
|
|a Text in English and French.
|
| 650 |
|
0 |
|a Picture dictionaries, French
|v Juvenile literature.
|9 57516
|
| 650 |
|
0 |
|a Picture dictionaries, English
|v Juvenile literature.
|9 57517
|
| 650 |
|
0 |
|a French language
|v Dictionaries, Juvenile
|x English.
|9 57518
|
| 650 |
|
0 |
|a English language
|v Dictionaries, Juvenile
|x French.
|9 57519
|
| 650 |
|
1 |
|a Picture dictionaries.
|
| 650 |
|
1 |
|a Vocabulary.
|
| 700 |
1 |
|
|a Millar, Louise.
|9 57520
|
| 700 |
1 |
|
|a Comfort, Louise,
|e ill.
|9 57521
|
| 700 |
1 |
|
|a Dix, Steph,
|e ill.
|9 57522
|
| 700 |
1 |
|
|a Bougard, Marie-Thérèse.
|9 57523
|
| 852 |
|
|
|a Ayesha Abed Library
|c Reference Section
|
| 942 |
|
|
|2 ddc
|c BK
|
| 999 |
|
|
|c 47201
|d 47201
|
| 952 |
|
|
|0 0
|1 0
|2 ddc
|4 0
|6 443_210000000000000_BRU
|7 0
|9 77186
|a BIL
|b BIL
|d 2025-01-13
|e R K Corporation
|g 2495.00
|l 0
|o 443.21 BRU
|p 3010043968
|r 2025-01-13
|t 2
|v 2495.00
|w 2025-01-13
|y BK
|x Requisitioned by Dr. Tanjena Sultana Khan for the course named- "Basic French (FRN 101)".
|
| 952 |
|
|
|0 0
|1 0
|2 ddc
|4 0
|6 443_210000000000000_BRU
|7 0
|9 77187
|a BIL
|b BIL
|d 2025-01-13
|e R K Corporation
|g 2495.00
|l 0
|o 443.21 BRU
|p 3010043969
|r 2025-01-13
|t 3
|v 2495.00
|w 2025-01-13
|y BK
|x Requisitioned by Dr. Tanjena Sultana Khan for the course named- "Basic French (FRN 101)".
|
| 952 |
|
|
|0 0
|1 0
|2 ddc
|4 0
|6 443_210000000000000_BRU
|7 0
|9 77188
|a BIL
|b BIL
|d 2025-01-13
|e R K Corporation
|g 2495.00
|l 0
|o 443.21 BRU
|p 3010043967
|r 2025-01-13
|t 1
|v 2495.00
|w 2025-01-13
|y BK
|x Requisitioned by Dr. Tanjena Sultana Khan for the course named- "Basic French (FRN 101)".
|